000 00517nam a2200193 a 4500
001 1770460530008
003 YourLibrary
005 20260207160834.0
008 260207s2008##################000#0#eng##
020 _a9781405134583
082 0 4 _a306.365
_bWIR
100 1 _aWirtschafter, Elise Kimerling,
_eauthor.
245 1 0 _aRussia's Age of Serfdom 1649-1861 :
260 _bWiley-Blackwell,
_c2008.
300 _a320 pages
650 0 _aHistory.
942 _cENGLISH
040 _aYourLibrary
_beng
_cYourLibrary
999 _c611200
_d611200